El Mercurio de Valparaíso
Guardat en:
| Format: | Llibre |
|---|---|
| Idioma: | espanyol |
| Publicat: |
Valparaíso
El Mercurio
1990
|
| Matèries: | |
| Etiquetes: |
Afegir etiqueta
Sense etiquetes, Sigues el primer a etiquetar aquest registre!
|
MARC
| LEADER | 00000nam a2200000 a 4500 | ||
|---|---|---|---|
| 001 | UCH7969 | ||
| 003 | CL-VaPUC | ||
| 008 | 091127e19900000CL |||||||||||||||||spa|d | ||
| 082 | 0 | 4 | |a 983 |b ELM |2 21 |
| 245 | 1 | 0 | |a El Mercurio de Valparaíso |
| 300 | |a 60 p | ||
| 942 | |c BK | ||
| 945 | |d 20091127 00:00:00 |a ccalabra | ||
| 260 | |a Valparaíso |b El Mercurio |c 1990 | ||
| 500 | |a Primeros números del diario el mercurio de valparaíso | ||
| 650 | 0 | |a Historia de Chile |9 265473 | |
| 650 | 0 | |a Crónicas chilenas |9 321511 | |
| 650 | 0 | |a Historia de Valparaíso |9 460237 | |
| 650 | 0 | |a Diarios |9 420844 | |
| 651 | 7 | |a CHILE |2 CL-VaPUC |9 544359 | |
| 651 | 0 | |a Valparaíso, Chile |9 261144 | |
| 583 | |a last modification |c 20170518 01:31:51 |k Rodrigo Vera | ||
| 999 | |c 338260 |d 338258 | ||